000 00843pam a2200277 a 4500
001 2822296
003 NUST - PNEC
005 20170116180834.0
008 830107s1984 nyua b 001 0 eng
010 _a 83000937
020 _a0023535601
040 _aDLC
_cLIBRARY
_dDLC
050 0 0 _aTA340
_b.H425 1984
082 0 0 _a519.2 HEL
100 1 _aHelstrom, Carl W.
245 1 0 _aProbability and stochastic processes for engineers /
_cCarl W. Helstrom.
260 _aNew York :
_bMacmillan ;
_aLondon :
_bCollier Macmillan,
_cc1984.
300 _aviii, 328 p. :
_bill. ;
_c25 cm.
500 _aIncludes index.
504 _aBibliography: p. 55-56.
650 0 _aEngineering mathematics.
650 0 _aProbabilities.
650 0 _aStochastic processes.
_xME
906 _a7
_bcbc
_corignew
_d1
_eocip
_f19
_gy-gencatlg
942 _2ddc
_cBK
999 _c64130
_d64130